000 00739cam a22002293a 4500
001 19144
003 PGUSA
005 20140828083415.0
008 060829s2006||||xxu|||||s|||||000 | eng d
040 _aPGUSA
_beng
042 _adc
050 4 _aF1001
100 1 _aMacGregor, William,
_d1846-1919
245 1 0 _aReport by the Governor on a Visit to the Micmac Indians at Bay d'Espoir :
_bColonial Reports, Miscellaneous. No. 54. Newfoundland
_h[electronic resource] /
_cWilliam MacGregor
260 _bProject Gutenberg,
_c2006
506 _aPublic domain in the USA.
516 _aElectronic text
653 _aMicmac Indians
830 0 _aProject Gutenberg
_v19144
856 4 0 _uhttp://www.gutenberg.org/ebooks/19144
942 _cEB
999 _c248399
_d248399